Çernobil kazasının diğer ülkeler üzerindeki etkileri (Record no. 5865)
[ view plain ]
| 000 -BAŞLIK | |
|---|---|
| Sabit Uzunlukta Kontrol Alanı | 00900na a2200277 4500 |
| 001 - KONTROL NUMARASI | |
| Denetim Alanı | 18848 |
| 003 - KONTROL NUMARASI IDENTIFIER | |
| Denetim Alanı | MIRAKIL |
| 005 - SON İŞLEM TARİHİ VE ZAMANI | |
| Denetim Alanı | 20181213155049.0 |
| 008 - SABİT-BOY VERİ ELEMANLARI - GENEL BİLGİLER | |
| Sabit Uzunlukta Kontrol Alanı | 161205b tu 000 0 |
| 020 ## - ULUSLARARASI STANDART KİTAP NUMARASI | |
| Uluslararası Standart Kitap Numarası | 9758898248 |
| 020 ## - ULUSLARARASI STANDART KİTAP NUMARASI | |
| Uluslararası Standart Kitap Numarası | 9758898191 (tkm. no.) |
| 040 ## - KATALOGLAMA KAYNAK | |
| Orijinal Kataloglama Ajansı | Milas |
| Kataloglama Dili | tur |
| Metne Dönüştürmek Ajansı | TR-AnCHP |
| 041 ## - DİL KODU | |
| Metin / Ses Parça Veya Ayrı Başlığın Dil Kodu | tur |
| 082 ## - DEWEY ONLU SINIFLANDIRMA NUMARASI | |
| Sınıflandırma Numarası | 363.7289 |
| Ürün Numarası | Ç36 2007 |
| 090 ## - SINIFLAMA NUMARASI | |
| Sınıflama Numarası | 363.7289 Ç36 2007 |
| 245 ## - BAŞLIK TABLOSU | |
| Başlık | Çernobil kazasının diğer ülkeler üzerindeki etkileri |
| Sorumluluk Tablosu, Vb | Türkiye Atom Enerjisi Kurumu (TAEK) |
| 246 ## - UNVAN FORM VARYING | |
| Başlık Doğru / Kısa Başlığı | 20. yılında Çernobil |
| 250 ## - EDITION TABLOSU | |
| Baskı Beyanı | 2. bs. |
| 260 ## - YAYIN, DAĞITIM, VB | |
| Yayın, Dağıtım, Vb Yeri | Ankara |
| Yayıncı, Dağıtıcı, Vs Adı | Türkiye Atom Enerjisi Kurumu (TAEK) |
| Yayın, Dağıtım, Vb Tarihi | 2007 |
| 300 ## - FİZİKSEL TANIM | |
| Kapsam | 60 s. |
| Diğer Fiziksel Ayrıntıları | hrt.,grf. , tbl. |
| Boyutlar | 24 sm. |
| 490 ## - SERİSİ TABLOSU | |
| Seri Beyanı | Türkiye Atom Enerjisi Kurumu (TAEK) Çernobil Serisi |
| Hacim / Ardışık Tanımı | 5 |
| 500 ## - GENEL NOT | |
| Genel Not | Eser adı başında: 20.Yılında Çernobil |
| 504 ## - KAYNAKÇA VB NOT | |
| Kaynakça Vb Notu | Kaynakça var. |
| 650 ## - KONU KATMA GİRİŞ - TOPİKAL DÖNEM | |
| Topikal Süreli Veya Coğrafi Ad Giriş Elemanı | Çernobil Nükleer Kazası |
| Coğrafi Alt Bölümü | Etkileri |
| 942 ## - EKLENDİ GİRİŞ ELEMANLARI (KOHA) | |
| Sınıflandırma Veya Raf Düzeni Kaynak | Dewey Decimal Classification |
| Koha Öğesi Türü | Books |
| 999 ## - SİSTEM KONTROL NUMARALARI (KOHA) | |
| Koha Biblionumber | 5865 |
| Koha Biblioitemnumber | 5865 |
| Kalıcı Konum | Mevcut Konum | Edinme Tarihi | Edinim Kaynak | Toplam Check-Out'Lar | Tam Çağrı Numarası | Barkod | Tarih Son Görülme | İtibaren Geçerli Fiyatlar | Koha Öğesi Türü |
|---|---|---|---|---|---|---|---|---|---|
| CHP Kütüphanesi | CHP Kütüphanesi | 12/01/2016 | Bağış | 363.7289 Ç36 2007 | 010088 | 12/01/2016 | 12/01/2016 | Books |
